000 00383nam a22001577a 4500
003 MPLRDC
005 20220104144443.0
008 210129b ||||| |||| 00| 0 eng d
082 _a337.07 CJB v.1
100 _a陈金表编译
245 _a基本电学. 上册
_c
260 _a
_b无线电出版社
_c
300 _b
650 _a电学; 电子
942 _cBK
_o337.07 CJB v.1
999 _c49765
_d49755